Vplyv rekodifikácie civilného práva procesného na rozhodovanie obcí
Rekodifikácia civilného práva procesného. Znenie troch procesných kódexov, ktorými sú Civilný sporový poriadok (zákon č. 160/2015 Z. z.), Civilný mimosporový poriadok (zákon č. 161/2015 Z. z.) a Správny súdny poriadok (zákon č. 162/2015 Z. z.).
Salvato in:
| Autore principale: | |
|---|---|
| Natura: | Capitolo di libro |
| Lingua: | slovacco |
| Soggetti: | |
| Tags: |
Nessun Tag, puoi essere il primo ad aggiungerne!!
|
MARC
| LEADER | 00000naa a2200000 4500 | ||
|---|---|---|---|
| 001 | 0222012 | ||
| 005 | 20160913105629.0 | ||
| 041 | 0 | |a slo | |
| 044 | |a SK | ||
| 245 | 1 | 0 | |a Vplyv rekodifikácie civilného práva procesného na rozhodovanie obcí |c Helena Spišiaková |
| 520 | |a Rekodifikácia civilného práva procesného. Znenie troch procesných kódexov, ktorými sú Civilný sporový poriadok (zákon č. 160/2015 Z. z.), Civilný mimosporový poriadok (zákon č. 161/2015 Z. z.) a Správny súdny poriadok (zákon č. 162/2015 Z. z.). | ||
| 610 | 2 | 0 | |a právo správne |
| 610 | 2 | 0 | |a poriadok správny |
| 610 | 2 | 0 | |a súdnictvo |
| 610 | 2 | 0 | |a správa verejná |
| 610 | 2 | 0 | |a konanie správne |
| 610 | 2 | 0 | |a výkon rozhodnutia |
| 610 | 2 | 0 | |a kodifikácia práva |
| 610 | 2 | 0 | |a zákony |
| 100 | 1 | |a Spišiaková, Helena | |